[Event "Linares-03"]
[Site "Linares"]
[Date "1981.01.22"]
[Round "5"]
[White "Ribli, Zoltan"]
[Black "Larsen, Bent"]
[Result "1-0"]
[WhiteElo "2585"]
[BlackElo "2610"]
[Annotator "Kharitonov,A"]
[PlyCount "109"]
[EventDate "1981.01.17"]
[EventType "tourn"]
[EventRounds "11"]
[EventCountry "ESP"]
[EventCategory "13"]
[SourceTitle "MCL"]
[Source "ChessBase"]
[SourceDate "1999.07.01"]
[SourceVersion "1"]
[SourceVersionDate "1999.07.01"]
[SourceQuality "1"]

1. d4 Nf6 2. c4 e6 3. Nf3 b6 4. Nc3 Bb4 5. Bg5 Bxc3+ $6 (5... Bb7 $142 6. e3
Bxc3+) 6. bxc3 Bb7 7. e3 (7. Nd2 $5 {/\f3,e4/}) 7... d6 (7... h6 8. Bh4 g5 9.
Bg3 Ne4 10. Qc2 Nxg3 11. hxg3 (11. fxg3 Nc6 $13)) 8. Nd2 Nbd7 9. f3 e5 $6 (9...
h6 $5 10. Bh4 Qe7 11. Be2 e5 12. e4 Nf8 13. Nf1 Ng6 14. Bf2 Nf4 15. Ne3 O-O 16.
Bf1 $6 (16. O-O $142) 16... Rfe8 17. g3 Bxe4 18. fxe4 exd4 $40 {Khalifman,
A-Hulak,K/JUG/1991/0:1 (52) Inf 53/497/}) 10. e4 Nf8 11. g3 Ne6 12. Be3 Nd7 13.
Nb3 $1 Qe7 14. Bd3 h5 15. h4 g6 16. Qd2 O-O-O (16... O-O 17. O-O {/\Rae1,f4+/-/
}) 17. a4 a5 18. O-O-O $5 (18. O-O Rdf8 $13) 18... c5 $2 (18... Rdf8 $5) 19. d5
$14 Ng7 (19... Nc7 20. Rdf1 {/\f4/}) 20. Na1 $5 Rdf8 21. Nc2 Ne8 (21... f5 22.
Bg5 Nf6 23. Na3) 22. Na3 Nc7 23. Bh6 $5 Rfg8 24. Rdg1 Kb8 25. Bg5 (25. g4 $5)
25... f6 26. Be3 Bc8 27. Kb2 Rf8 28. Ka2 Rf7 29. Rb1 Ka7 30. Rb3 Ba6 31. Rhb1
Rb8 32. R3b2 Rg8 33. Bf1 $1 Rb8 34. Bh3 Bc8 (34... Rff8 $142 35. Rb3 Rb7 36.
Qb2 Rfb8 $14) 35. Be6 $1 Rf8 (35... Nxe6 36. dxe6 Qxe6 37. Nb5+ $18) 36. Rb3
Rb7 (36... Nxe6 37. dxe6 Qxe6 38. Nb5+ Kb7 39. Rd1 $16) 37. Qb2 Nxe6 (37... Na8
$2 38. Nb5+ Kb8 39. g4 $22 $18) 38. dxe6 Qxe6 39. Rd1 Ka6 (39... Kb8 $5) 40.
Qd2 f5 $6 (40... Rb8 $142 41. Qxd6 Qxd6 42. Rxd6 Kb7 $16) 41. Qxd6 Qxd6 $2 (
41... Re8 $142 42. Bg5 $16) 42. Rxd6 $18 fxe4 (42... f4 43. gxf4 exf4 44. Bf2
Ka7 (44... Ne5 45. Bxc5 $18)) 43. fxe4 Rf3 44. Bg5 Rxg3 (44... Rf2+ 45. Rb2)
45. Nb5 Nb8 (45... Rg4 46. Rc6 Rb8 47. Rc7 Ra8 48. Nd6 $18) 46. Bd8 $1 Bd7 (
46... Nd7 47. Rc6) 47. Bxb6 Rxb6 48. Nc7+ Kb7 49. Rdxb6+ Kxc7 50. Rxb8 Bc6 (
50... Bxa4 51. R3b7+ Kc6 52. Rg7 $18) 51. Rg8 Bxe4 52. Rg7+ Kc6 53. Rgb7 Kd6 $8
54. R3b6+ Bc6 55. Rf7 (55. Rf7 Ke6 56. Rc7 $18) 1-0

[Event "Rilton Cup 27th"]
[Site "Stockholm"]
[Date "1997.12.31"]
[Round "5"]
[White "Khenkin, Igor"]
[Black "Chernin, Alexander"]
[Result "1-0"]
[WhiteElo "2550"]
[BlackElo "2640"]
[Annotator "Khenkin,I"]
[PlyCount "97"]
[EventDate "1997.12.??"]
[EventType "swiss"]
[EventRounds "9"]
[EventCountry "SWE"]
[SourceTitle "CBM 065"]
[Source "ChessBase"]
[SourceDate "1998.08.06"]
[SourceVersion "1"]
[SourceVersionDate "1998.08.06"]
[SourceQuality "1"]

1. d4 Nf6 2. c4 e6 3. Nf3 b6 4. a3 c5 5. d5 Ba6 6. Qc2 exd5 7. cxd5 g6 8. Nc3
Bg7 9. g3 O-O 10. Bg2 d6 11. O-O Re8 12. Re1 Nbd7 13. h3 b5 14. Bf4 Nh5 $5 $146
(14... Qb6 15. e4 Rac8 $13) 15. Bxd6 Qb6 16. Bf4 Nxf4 17. gxf4 Rac8 18. e3 (18.
e4 b4 $1 19. Na4 Qf6 $1 20. Qd2 Bh6 21. Ng5 Ne5 $3 22. fxe5 Qxg5 23. Qxg5 Bxg5
24. axb4 cxb4 25. Nc5 Rxc5 26. Rxa6 Rxe5 27. Rxa7 Rc2 $11) 18... c4 (18... b4
$6 19. Na4 Qd6 20. Nd2 $1 $16) 19. e4 $1 Bh6 (19... Nc5 $2 20. e5 Nd3 21. d6 $1
Nxe1 22. Rxe1 Rcd8 23. Nd5 $16) 20. Ng5 Ne5 $1 (20... Qf6 21. Qd2 Ne5 22. h4 $1
(22. fxe5 $2 Qxg5 23. Qxg5 Bxg5 $11) 22... Nd3 23. e5 Qxf4 24. Qxf4 Nxf4 25. d6
Nxg2 26. Kxg2 $16) 21. fxe5 Bxg5 22. d6 (22. e6 $2 fxe6 $15) 22... Rxe5 23. d7
$1 Rd8 24. Nd5 (24. Rad1 $2 Qe6 25. Nd5 Rxd7 26. f4 Rdxd5 $1 27. fxe5 Rxe5 $17)
24... Rxd5 $8 (24... Qc5 $2 25. b4 $1 $16) (24... Qd6 25. f4 Rxd5 26. exd5 $16)
25. exd5 Rxd7 26. Re8+ Kg7 27. Rae1 $14 Bf6 (27... Qd6 28. R1e4 $1 $14) 28. Qd2
Qd6 $1 29. R1e4 $1 $40 (29. Ra8 $2 Bb7 30. Rxa7 Qb6 31. Qa5 Qxa5 32. Rxa5 Bxb2
33. Rxb5 c3 34. a4 Ba3 $1 35. Rb3 Bb2 $11) 29... Bb7 (29... Qxd5 $2 30. Rg8+ $1
$18) 30. Rf4 $2 $138 (30. h4 $1 {Diagramma} Qxd5 (30... h5 $2 31. Rh8 $1 $18 g5
$140 32. Ree8) (30... Bxd5 31. h5 $1 (31. Rd4 $2 Bxd4 32. Qxd4+ Kh6 33. Qe3+
Kg7 34. Qd4+ Kh6 $11 35. Rg8 $5 f6 $1 36. Qe3+ Kh5 37. Bf1 Be6 $1 $13) 31...
gxh5 (31... h6 32. Rd4 $1 Bxd4 33. Qxd4+ f6 34. Bxd5 $18 Qxd5 $140 35. Re7+ $1)
32. Rd4 $1 Bxd4 33. Qxd4+ Kh6 34. Rg8 $1 f5 $8 35. Bxd5 $18) 31. Rg8+ $1 Kxg8
32. Re8+ Kg7 33. Bxd5 Rxd5 (33... Bxd5 $6 34. Qb4 $18) 34. Qb4 Rd1+ 35. Kh2
Rh1+ 36. Kg3 Bxh4+ 37. Kf4 Kh6 38. Qf8+ Kh5 39. Qxf7 Bg5+ 40. Ke5 Re1+ 41. Kd6
Rxe8 42. Qxe8 $18) 30... a6 $1 (30... Bxd5 $2 31. Rd4 $1 (31. Rxf6 $2 Kxf6 32.
Qd4+ Kf5 $1 $11) 31... Bxd4 32. Qxd4+ Kh6 33. Rg8 $1 Kg5 $8 34. h4+ Kh5 35. Rh8
$1 $18) (30... Be5 $2 31. Rh4 h5 (31... Bxd5 32. Qh6+ Kf6 33. f4 $1 Bd4+ 34.
Kh2 Bxg2 35. Qg5+ Kg7 36. Rxh7+ $1 Kxh7 37. Qh4+ Kg7 38. Qh8#) 32. Rxh5 $1 (32.
Re4 $2 Bh2+ $1 (32... Bf6 $2 33. Rh8 $1 $18) 33. Kh1 Bxd5 34. Qc3+ f6 $13)
32... gxh5 33. Qg5+ Qg6 34. Qxe5+ $18) (30... Rd8 $6 31. Rxd8 Qxd8 (31... Bxd8
32. Qc3+ $1 Kg8 $8 (32... Bf6 $2 33. Rxf6 $1 Qxf6 34. d6 $18) 33. Qf3 $1 $16)
32. Rxf6 $3 Qxf6 (32... Kxf6 33. Qd4+ $18) 33. d6 Bxg2 34. d7 $1 $18) 31. h4 $6
(31. Bh1 $1 $13) 31... h5 $6 $138 (31... Bxd5 $2 32. Rxf6 $1) (31... Be5 $1 32.
Re4 Bh2+ $1 33. Kh1 Bxd5 34. Qc3+ f6 35. Re1 Be5 $17) 32. Bh1 $1 (32. Bf3 $6
Rd8 $1 (32... Be5 $6 33. Re4 f6 34. Re2 $14) 33. Rxd8 Qxd8 $15 34. d6 $140 Bxf3
35. Rxf3 Qd7) 32... Rd8 (32... Re7 $2 33. Rxf6 $1 Qxf6 34. Rxe7 Qxe7 35. d6 Qd7
36. Bxb7 Qxb7 37. d7 $18) (32... Be5 33. Re4 Bh2+ (33... Bf6 $2 34. Rh8 $1 $18)
(33... f6 $2 34. f4 $1 Qc5+ 35. Kh2 Rxd5 36. Qe2 Bd6 37. R4e7+ $18) 34. Kf1
Bxd5 (34... Qxd5 $2 35. Rg8+ $1 Kxg8 36. Re8+ Kg7 37. Bxd5 Bxd5 38. f4 $18) 35.
Qc3+ $1 f6 36. Rd4 Bg2+ $8 37. Kxg2 Qxd4 38. Re7+ $1 Kh6 39. Rxd7 Qxd7 40. Kxh2
Qd6+ 41. Qg3 $18) (32... Kh7 $8 33. Bg2 Kg7 $11) 33. Rxd8 Bxd8 (33... Qxd8 34.
d6 $1 Bxh1 35. Rxf6 $1 (35. Kxh1 Be5 $11) 35... Qxf6 36. d7 Qc6 $8 (36... Qf3
37. Qc3+ $18) 37. f3 $18) 34. Qc3+ $1 Bf6 $2 $138 (34... Kg8 $8 35. Qf3 $1 $16)
35. Rxf6 $1 Qxf6 36. d6 Bc8 (36... Bxh1 37. d7 $18) 37. Bc6 Qxc3 38. bxc3 Kf6
39. d7 Bxd7 40. Bxd7 Ke5 41. Bc8 $1 a5 (41... Ke4 42. Bxa6 Kd3 43. Bxb5 Kxc3
44. Be8 $18) 42. Bd7 $1 b4 43. axb4 axb4 44. cxb4 c3 45. Ba4 Kd4 46. Kf1 Kc4
47. b5 Kc5 (47... Kb4 48. b6 Kxa4 49. Ke2 $1 $18) 48. Ke2 Kb6 49. f4 1-0

[Event "Donner Memorial"]
[Site "Amsterdam"]
[Date "1996.08.29"]
[Round "11"]
[White "Timman, Jan H"]
[Black "Ivanchuk, Vassily"]
[Result "1/2-1/2"]
[WhiteElo "2590"]
[BlackElo "2730"]
[Annotator "King,D"]
[PlyCount "50"]
[EventDate "1996.08.17"]
[EventType "tourn"]
[EventRounds "11"]
[EventCountry "NED"]
[EventCategory "16"]
[SourceTitle "CBM 055"]
[Source "ChessBase"]
[SourceDate "1996.12.01"]
[SourceVersion "1"]
[SourceVersionDate "1996.12.01"]
[SourceQuality "1"]

1. d4 Nf6 2. c4 e6 3. Nf3 b6 4. a3 Ba6 5. Qc2 Bb7 6. Nc3 c5 7. e4 cxd4 8. Nxd4
d6 9. Be2 Be7 10. Be3 a6 11. O-O O-O 12. Rfd1 Nbd7 13. f3 Rc8 14. Qb3 Kh8 15.
a4 Qc7 16. Rac1 Rg8 17. Qc2 g5 18. b4 Ne5 19. Qb1 Qb8 20. Qb3 Qa8 {Black's
strategy is extremely double-edged. In principle, the queen in the corner
appeals to me here, increasing the pressure on the e4 pawn so that the ...g4
break will gain in strength; but it would worry me that the queen is stuck in
the corner when the position is about to explode. The players agree a draw
just at that point. It is for one of them to explain what was really going on.}
21. a5 bxa5 22. Na4 Ned7 23. c5 g4 24. cxd6 Rxc1 25. Bxc1 Bd8 1/2-1/2

[Event "Petrov Memorial op"]
[Site "St Petersburg"]
[Date "1996.??.??"]
[Round "6"]
[White "Nepomnishay, Mikhail I"]
[Black "Biriukov, Oleg V"]
[Result "1-0"]
[WhiteElo "2470"]
[BlackElo "2330"]
[Annotator "King,D"]
[PlyCount "63"]
[EventDate "1996.02.??"]
[EventType "swiss"]
[EventRounds "9"]
[EventCountry "RUS"]
[SourceTitle "CBM 052"]
[Source "ChessBase"]
[SourceDate "1996.06.01"]
[SourceVersion "1"]
[SourceVersionDate "1996.06.01"]
[SourceQuality "1"]

1. d4 {Ftacnik} Nf6 2. c4 e6 3. Nf3 b6 4. a3 Bb7 5. Nc3 d5 6. Qc2 Be7 7. cxd5
Nxd5 8. Bd2 O-O 9. e4 Nxc3 10. Bxc3 Nd7 11. Rd1 Qe8 12. Bd3 c5 13. O-O cxd4 14.
Nxd4 Nc5 15. Rfe1 Nxd3 16. Qxd3 Qb8 17. Qf3 Rd8 18. Qg4 Bf8 19. Rd3 {White
uses his advantage in space and development (what is the rook doing on a8?) to
launch an attack. In particular, the bishop on c3 is a rock, holding White's
position together.} g6 20. Rh3 Bg7 21. Nf3 e5 22. Qh4 h6 {This is a pleasing
game. Black has been able to withstand the first assault, and there is the
danger that the rook on h3 will find itself out of play. However, White makes
a virtue out of the unorthodox position of the rook and singlemindedly goes
for Black's king.} 23. Bd2 $1 h5 24. Bb4 Qc8 25. Rg3 $1 Qc6 26. Rg5 $1 Qc2 (
26... Bf6 27. Qxh5 Bxg5 28. Qxg5 $40) (26... Re8 27. Bc3 Qd6 28. Qg3 $16) 27.
Rxe5 $1 Qxb2 28. Re7 Bf6 29. Qf4 Bc6 {[#]} 30. Rxf7 $1 {The rook has had a
glorious career.} (30. Ne5 $18) 30... Kxf7 31. e5 Qc2 (31... Kg8 32. exf6 Bxf3
33. f7+ Kh7 34. f8=Q Rxf8 35. Bxf8 Kg8 36. Bd6 Bd5 37. Be5 Re8 38. Qf6 $18) 32.
exf6 (32. exf6 {Ftacnik} Kg8 33. f7+ Kg7 34. Nd4 Qd3 35. Ne6+ $18) 1-0

[Event "Japfa Classic"]
[Site "Bali"]
[Date "2000.04.24"]
[Round "3"]
[White "Timman, Jan H"]
[Black "Polgar, Judit"]
[Result "0-1"]
[WhiteElo "2655"]
[BlackElo "2658"]
[Annotator "Knaak,R"]
[PlyCount "66"]
[EventDate "2000.04.22"]
[EventType "tourn"]
[EventRounds "9"]
[EventCountry "INA"]
[EventCategory "16"]
[SourceTitle "CBM 077"]
[Source "ChessBase"]
[SourceDate "2000.07.27"]
[SourceVersion "1"]
[SourceVersionDate "2000.07.27"]
[SourceQuality "1"]

1. Nf3 {Ftacnik} Nf6 2. c4 b6 3. d4 e6 4. a3 Bb7 5. Nc3 d5 6. cxd5 Nxd5 7. Qc2
Nxc3 8. bxc3 Be7 9. e4 O-O 10. Bd3 c5 11. O-O Qc8 12. Qe2 Ba6 13. Rd1 cxd4 14.
cxd4 Bxd3 15. Qxd3 {Vermutlich eine Unterschätzung der Gegnerin.} ({Mit} 15.
Rxd3 {konnte Weiß die Damen auf dem Brett halten.}) (15. Rxd3 {Ftacnik} Nd7 16.
Bb2 (16. Bg5 $6 Bxg5 17. Nxg5 h6 18. Nh3 Qc4 19. Nf4 Nf6 20. Re1 Rfd8 21. Qd1
Rac8 $15 {Peshina-Gurevich,M/Eger op/1987}) 16... Qa6 17. Rad1 Rfe8 18. Qe3 (
18. h4 Qb5 19. g3 Rac8 20. Kg2 Qa4 21. R1d2 Bf8 22. Qe3 Rc2 23. Qf4 Rxd2 24.
Nxd2 Qc2 25. Rf3 {1/2-1/2 Ribli,Z-Almasi,Z/Altensteig/1994/ (42)}) 18... Rac8
19. d5 exd5 20. Rxd5 Nf8 21. h4 Qa4 22. R1d4 {1/2-1/2 Bareev,E-Rodriguez,A/
Sochi 1988/ (22)}) 15... Qa6 16. Bb2 (16. d5 {Ftacnik} Qxd3 $1 17. Rxd3 exd5
18. exd5 Bd6 19. Be3 Rc8 20. Re1 Nd7 $11) (16. Qe3 $5 {Ftacnik} Nd7 17. Bb2
Rac8 $13) 16... Qxd3 17. Rxd3 {Dieses Endspiel haben beide angestrebt - Polgar
aus objektiven Gründen, Timman vielleicht deshalb, weil er glaubt, im Endspiel
der Bessere zu sein.} Nd7 18. Rc1 (18. d5 {Ftacnik} Nc5 19. Re3 Rfd8 20. Rd1
Rac8 $11) 18... Rfc8 19. Rdc3 Rxc3 20. Rxc3 {Kaum vorstellbar, dass Weiß
schlechter steht, doch die schwarze Bauernmehrheit am Damenflügel stellt
zumindest eine Gefahr dar.} Nf6 21. Nd2 (21. e5 $2 {Ftacnik} Nd5 $17) 21... b5
{Ftacnik: 'Polgar shows, that she has potentially passed pawn as well.'} 22.
Rc6 ({Nach} 22. Rc7 Kf8 23. Rb7 a6 {'~~' Ftacnik. muss der weiße Turm den
Rückzug antreten.}) 22... Kf8 23. f3 Ke8 24. Nb3 Nd7 25. Kf1 $2 ({Besser ist} 
25. Kf2) (25. d5 {Ftacnik} exd5 26. exd5 Nb6 $15) 25... Nb6 26. Nc5 $2 {
Ftacnik: 'A serious mistake, since white does nothing against the massive
improvement of black pieces. They will attack his weak pawns a3 and d4 to a
decisive efffect.' Die weiße Aktivität greift völlig ins Leere.} ({Aber auch
nach} 26. Na5 Kd7 27. Rc2 {(=/+ Timman) '=' Ftacnik.} Rc8 28. Rxc8 Nxc8 29. Ke2
{hat Weiß wegen der schwarzen Majorität am Damenflügel keinen völligen
Ausgleich, aber wenigstens geht kein Material verloren.}) 26... Nc4 $1 27. Bc1
Rd8 28. a4 {Dies würde funktionieren, wenn der König im 25. Zug nach f2
gegangen wäre!} Rxd4 $1 29. Nb3 Rd3 30. axb5 Ne5 31. Rc8+ Kd7 32. Ra8 Rxb3 33.
Rxa7+ Ke8 0-1

[Event "Beersheba m"]
[Site "Beersheba"]
[Date "1995.??.??"]
[Round "4"]
[White "Greenfeld, Alon"]
[Black "Kortschnoj, Viktor Lvovich"]
[Result "0-1"]
[WhiteElo "2570"]
[BlackElo "2635"]
[Annotator "Knaak,R"]
[PlyCount "84"]
[EventDate "1995.??.??"]
[EventType "match"]
[EventRounds "6"]
[EventCountry "ISR"]
[SourceTitle "CBM 051"]
[Source "ChessBase"]
[SourceDate "1996.04.01"]
[SourceVersion "1"]
[SourceVersionDate "1996.04.01"]
[SourceQuality "1"]

1. d4 Nf6 2. c4 e6 3. Nf3 b6 4. a3 Bb7 5. Nc3 g6 {Greenfeld ist selbst mit
diesem Zug in CBM 51 vertreten; Lobron,E-Greenfeld,A/EUCup f Ljubljana (02)} 6.
Bg5 Bg7 7. Qc2 h6 8. Bh4 d6 9. e3 (9. Rd1 $1 {(Dautov), aber der Textzug ist
ebenfalls solide.}) 9... Nbd7 10. Bd3 O-O 11. O-O Re8 12. Rad1 Qc8 13. Rfe1 a6
14. e4 Nh5 15. Be2 {Will 15...Nf4 provozieren.} e5 16. dxe5 dxe5 17. Nd5 Bf8
18. Nd2 c6 19. Bxh5 $5 (19. Ne3 $10) 19... cxd5 $8 20. exd5 (20. Bf3 d4 $15)
20... gxh5 21. Re3 (21. Qf5 $5 Nc5 22. Qxh5 Nd3 $2 (22... Bg7 $13) 23. Ne4 Nxe1
24. Nf6+ Kg7 25. Bg5 $18) 21... Bxd5 22. Rg3+ Bg7 (22... Kh8 $13) 23. Qf5 Nf8 {
Gibt die Figur zurück.} (23... Be6 24. Qxh5 $13 {Weiß hat beachtliche
Angriffschancen.}) 24. Qxc8 $10 (24. Rxg7+ $2 Kxg7 25. Qf6+ (25. Bf6+ Kg8 26.
Qxh5 Nh7 $19) 25... Kg8 26. cxd5 Qc2 $19) 24... Rexc8 (24... Raxc8 $2 25. cxd5
Ng6 26. d6 $16) 25. Bf6 (25. cxd5 Ng6 $17) 25... Ng6 26. Bxg7 h4 27. Rb3 Bxg2 (
27... Bc6 $5 {Fritz}) 28. Kxg2 (28. Bxh6 $13) 28... Kxg7 29. Rxb6 Rd8 {[%cal
Rd8d1]} 30. c5 Rd5 31. c6 Rad8 32. c7 Rc8 33. Rc6 e4 34. b4 f5 35. Rg1 Ne5 36.
Kh3+ $2 $19 (36. Rc2 $15) 36... Kf7 37. Rc2 Rd3+ 38. Kg2 (38. Kxh4 Rxd2 39.
Rxd2 Nf3+ $19) 38... h3+ 39. Kh1 Rd7 40. Rg3 (40. Rgc1 Nd3 41. Nc4 Nxc1 42.
Ne5+ Ke7 43. Nxd7 Kxd7 44. Rxc1 Rxc7 45. Rxc7+ Kxc7 46. Kg1 Kc6 47. a4 Kd5 48.
Kf1 Kc4 49. b5 axb5 50. axb5 Kxb5 $19) 40... Rdxc7 41. Rxc7+ Rxc7 42. Rxh3 Rc2
0-1

[Event "Hoogovens"]
[Site "Wijk aan Zee"]
[Date "1995.01.??"]
[Round "3"]
[White "Dreev, Alexey"]
[Black "Seirawan, Yasser"]
[Result "1-0"]
[WhiteElo "2650"]
[BlackElo "2585"]
[Annotator "Knaak,R"]
[PlyCount "57"]
[EventDate "1995.01.??"]
[EventType "k.o."]
[EventRounds "5"]
[EventCountry "NED"]
[SourceTitle "CBM 045"]
[Source "ChessBase"]
[SourceDate "1995.04.01"]
[SourceVersion "1"]
[SourceVersionDate "1995.04.01"]
[SourceQuality "1"]

{Als meine Bearbeitung fertig war, bekam ich Schach 3/94 mit Dreev's
Originalkommentaren in die Hände. Im allgemeinen liegen Analysen eines
beteiligten Spielers näher an der Wahrheit, doch in diesem Falle stand der
Turniersieger von Tilburg wohl zu sehr unter dem Eindruck seines Glanzsieges.} 
1. d4 Nf6 2. Nf3 e6 3. c4 b6 4. a3 c6 {Mit Schwarz im 4. Zug die Theorie zu
verlassen, ist nicht einfach.} 5. Nc3 d5 6. cxd5 {Dreev reagiert auf die
unerwartete Konstellation, indem er zu einem Stellungstyp Slawische
Abtauschvariante überleitet. Also ohne Risiko ein kleiner Vorteil, aber dafür
erhöhte Remiswahrscheinlichkeit. Bei einem Match keine schlechte Strategie.}
cxd5 7. Bf4 a6 8. Rc1 $1 Bb7 (8... Be7 $2 9. Na4 $1 {und Weiß gewinnt sofort
wegen der tödlichen Drohung 10.Bc7 (Dreev).} Bd7 10. Bc7 Bxa4 11. Qxa4+ Qd7 12.
Qc2 $16) 9. e3 Nc6 {Je nachdem, ob die folgenden Verwicklungen Schwarz in
Nachteil geraten lassen oder nicht, ist der Textzug zu tadeln oder eben nicht.
Als Kommentator muß man also eigentlich ganz hinten anfangen. Dreev gibt dem
Zug ein '?!', was aber bezweifelt werden muß.} 10. Nb5 $5 {Jetzt wird es
taktisch und der Einsatz der Analysemodule Fritz3 oder Doctor? zeigt schnell,
daß sich eine Annahme des Figurenopfers verbietet.} Rc8 (10... axb5 $2 11. Bxb5
Rc8 12. Ne5 $18) 11. Qa4 Nd7 $1 {Schwarz muß den König vor der Qa4 schützen.} (
11... Nh5 {Dieser Zug wird nach einiger Rechenzeit von den Modulen angezeigt.
Damit darf man sich nicht zufrieden geben und muß in die Varianten hineingehen.
} 12. Nc7+ Ke7 (12... Rxc7 $2 13. Bxc7 Qxc7 14. Bxa6 Bxa6 15. Rxc6 $18 {
Spielt man diese Variante mit dem Doctor? rückwärts, so erkennt er sofort, daß
12...Ke7 besser ist als 12...Rxc7?}) 13. Bxa6 Nxf4 14. Bxb7 Rxc7 15. exf4 Nxd4
16. Rxc7+ Qxc7 17. Nxd4 Qxb7 {Diese Stellung wird von den Analysemodulen
unterschiedlich eingeschätzt: ungefähr = (Fritz3) bzw. +/= (Doctor?). In
Wahrheit steht Weiß deutlich besser. Er wird die einzige offene Linie besetzen,
während Schwarz die Entwicklung nicht leicht beenden kann. Die weiße Majorität
am Damenflügel kann eine wichtige Rolle spielen, während der f-Doppelbauer
höchstens in den Kalkulationen von Schachprogrammen neagtiv ist.}) (11... Nh5
12. Na7 $1 {Diesen und den nächsten weißen Zug habe ich mit der Hand
eingegeben. Ich habe nicht geprüft, wie lange man warten muß, ehe die
Programme selbst drauf kommen.} b5 13. Nxb5 $1 {Wenn man jetzt ein wenig
wartet, wird der deutliche weiße Vorteil im Analysefenster angezeigt.}) 12.
Nc7+ (12. Nd6+ Bxd6 13. Bxd6 Nxd4 14. Rxc8 Nxf3+ 15. gxf3 Qxc8 16. Kd2 {
verspricht Weiß eine kräftige Initiative (Dreev), ob das aber die Rettung der
ganzen mit 10.Nb5 eingeleiteten Variante ist, darf bezweifelt werden.}) 12...
Rxc7 13. Bxa6 {Nach zunächst} (13. Bxc7 Qxc7 14. Bxa6 {führt 14...Bxa6 15.Rxc6
zur Partie und 14...Ndb8 zu einer Variante, die beim 13. Zug von Schwarz
analysiert wird.}) 13... Bxa6 $1 (13... Nce5 {ist die vom Computer sofort
angezeigte Verbesserung. Nachdem zunächst deutlicher Vorteil angezeigt wird,
erscheint dann eine Dauerschachvariante:} 14. Rxc7 Qxc7 15. Nxe5 Qc1+ 16. Ke2
Bxa6+ 17. Qxa6 Qc2+ 18. Kf3 Nxe5+ 19. Bxe5 Qe4+ {usw. Angesichts der
verlorenen Partie stellt das immer noch eine Verbesserung dar. Das ist aber
doppelt falsch. Schwarz mußte die Partie keineswegs verlieren (von hinten
analysieren!) und Weiß kann dieser Dauerschachvariante ausweichen.}) (13...
Nce5 14. Rxc7 Qxc7 15. Kd1 $3 {Diesen Zug mußte ich auch auf einem Pentium mit
der Hand eingeben.} Bxa6 (15... Nc4 $2 {Wird von den Analysemodulen zunächst
bevorzugt.} 16. Bxc7 Nxb2+ 17. Kc2 Nxa4 18. Bxb7 $18 {Daß der Na4 auf
verlorenem Posten steht, wird natürlich von Schachcomputern relativ spät
erkannt. Von der Ausgangsstellung müßte ein Programm wenigstens 10 Halbzüge
vorausrechnen.}) 16. Qxa6 f6 17. dxe5 fxe5 18. Bg3 $1 {und die weiße Stellung
ist wohl deutlich vorzuziehen. Mit Kd2 und Rc1 kommt er schnell in den Besitz
der c-Linie und hat für das Endspiel eine Bauern-Majorität am Damenflügel.
Zudem sind die schwarzen Zentralbauern eher}) (13... Ndb8 $5 {scheitert laut
Dreev an 14.Bxb7 Rxb7 15.Bxb8 b5 16.Qa6, aber wie in Schach 3/94 bemerkt wird,
gewinnt nach 16...Rb6 Schwarz. Da werden auch Zweifel angemeldet, ob Weiß
überhaut Vorteil erlangen kann.} 14. Bxc7 $1 (14. Bxb7 Rxb7 15. Bxb8 b5 16. Qa6
Rb6 $19 {Schach 3/94}) 14... Qxc7 15. Bb5 Bd6 16. O-O O-O 17. Rc3 Rc8 18. Rfc1
{Die Stellung befindet sich etwa im Gleichgewicht, weil Schwarz die Fesselung
kaum abstreifen kann, aber Weiß nicht in der Lage ist, dies auszunutzen. Da
aber 13...Bxa6 m. E. ebenfalls das Gleichgewicht wart, ist 13...Nbd8 nicht
unbedingt besser.}) 14. Bxc7 Qxc7 15. Rxc6 Qb7 16. Ne5 Be7 17. b4 $1 f6 $1 (
17... Bc4 18. Rxb6 $1 Qxb6 19. Qxd7+ Kf8 20. Nc6 {, und Weiß gewinnt die Figur
bei Bauernvorteil zurück.}) 18. b5 $1 (18. Rxb6 {Wieder ein Computerzug.} Qxb6
19. Qxd7+ Kf8 20. Nc6 Qb7 21. Qxe6 $13) 18... Bxb5 19. Qxb5 fxe5 20. O-O $1
exd4 $5 (20... O-O $1 21. Rfc1 (21. Rxe6 {gibt Dreev hier an, aber nach} Bxa3 {
ist von weißem Vorteil nichts zu sehen.}) 21... Bd8 22. Rxe6 exd4 23. exd4 Nf6
$10 {und im Unterschied zur Partie können die schwarzen Figuren ziehen.}) 21.
Rfc1 Kd8 $2 {Wie so oft entscheidet nicht ein Fehler im Anfangsstadium.} (21...
Bd8 22. Rxe6+ Kf7 23. Rcc6 Nf6 $10 24. e4 {gewinnt laut Dreev /\} dxe4 25. Qc4
Kg6 26. Qxd4 Kf7 27. Qc4 Kg6 28. Qxe4+ Kf7 29. Rxf6+ $18 {Dreev, aber Schwarz
spielt besser.}) (21... Bd8 $1 22. Rxe6+ Kf7 23. Rcc6 Nf6 24. e4 Qd7 $1 25.
exd5 (25. Rxf6+ gxf6 26. Rxf6+ Ke8 27. Re6+ Be7 $15) 25... Be7 $10) 22. exd4 {
Schwarz kann mit König, Dame und Springer nicht mehr ziehen: das ist eine zu
schwere Hypothek.} Rf8 (22... Bxa3 $5 23. Rc8+ Qxc8 24. Rxc8+ Kxc8 25. Qa6+ $16
) 23. a4 $1 $18 Bg5 24. R1c2 Rf4 25. a5 Rxd4 26. g3 Rd1+ 27. Kg2 Ra1 28. axb6
Nb8 (28... Qa6 29. Qxa6 Rxa6 30. b7 Rxc6 31. Rxc6 {/\ 32.Rd6+- (Borik)}) 29.
Rd6+ 1-0